Marketing internacional

Spremljeno u:
Bibliografski detalji
Glavni autori: Keegan, Warren J (Autor), Green, Mark C (Autor)
Format: Knjiga
Jezik:španjolski
Izdano: Ciudad de México Prentice Hall 2009
Izdanje:5a. ed
Teme:
Oznake: Dodaj oznaku
Bez oznaka, Budi prvi tko označuje ovaj zapis!

MARC

LEADER 00000cam a2200000 a 4500
001 UCG2843
003 CL-VaPUC
005 20231218120210.0
008 100729e20090000mx |||||||||||||||||spa|d
999 |c 341960  |d 341958 
020 |a 9786074423396 
040 |c Pontificia Universidad Católica de Valparaíso 
082 0 4 |a 658.8  |b KEE  |2 21 
100 |a Keegan, Warren J  |e author  |9 551476 
245 1 0 |a Marketing internacional 
250 |a 5a. ed 
260 |a Ciudad de México  |b Prentice Hall  |c 2009 
300 |a 672 p 
583 |a last modification  |c 20140813 03:45:52  |k Rodrigo Vera 
650 0 |a Análisis de mercado   |9 260838 
650 0 |a Consumidores  |9 315658 
650 0 |a Marcas (Marketing)  |9 886574 
650 0 |a Exportación  |9 351066 
650 0 |a Importación  |9 378887 
700 0 |a Green, Mark C  |e author  |9 551477 
942 |c BK  |2 ddc 
945 |d 20100729 00:00:00  |a mfarfan 
952 |0 0  |1 0  |4 0  |6 658_800000000000000_KEE_2009  |7 0  |8 R  |9 437829  |a BIBENE  |b BIBENE  |d 2019-11-22  |i 4699785  |o 658.8 KEE 2009  |p 4699785  |r 2025-01-15  |w 2019-11-22  |y BK_R  |k ICO